Zisk kontra strata čo je to rendita a aké sú jej možnosti uplatnenia?

Guardado en:
Detalles Bibliográficos
Autor principal: Markovič, Peter, 1974-
Formato: Capítulo de libro
Lenguaje:eslovaco
Etiquetas: Agregar Etiqueta
Sin Etiquetas, Sea el primero en etiquetar este registro!

MARC

LEADER 00000naa a2200000 4500
001 0144556
005 20240502072607.2
041 0 |a slo 
044 |a SK 
245 1 0 |a Zisk kontra strata  |b čo je to rendita a aké sú jej možnosti uplatnenia?  |c Peter Markovič 
100 1 |a Markovič, Peter, 1974-